000 00583nam a2200205Ia 4500
005 20230310101428.0
008 131103s9999 xx 000 0 und d
040 _aLoreto College
041 _aEnglish
082 _a822.33
_bSHA-HAW
100 _aHawkes,Terence
245 _aShakespeare and the reason
_b a study of the tragedies and the problem plays
_cTerence Hawkes
260 _aLondon
_bRoutledge
_c1964
300 _axiii,207 p.
504 _aIncludes index
650 _aEnglish Drama
651 _aShakespeare,William - Criticism
850 _aLCLIB
942 _cBK
999 _c4787
_d55266